| 000 | 00574nam a22001577a 4500 | ||
|---|---|---|---|
| 005 | 20250903145831.0 | ||
| 008 | 250709b |||||||| |||| 00| 0 eng d | ||
| 050 |
_aRES HF 5415.I29 .K 57 2012 _b1 |
||
| 100 | _a KIPROTICH, NGENO OBADIAH | ||
| 245 |
_aASSESSMENT OF THE FACTORS INFLUENCING THE CHOICE OF DISTRIBUTION CHANNELS: _bA CASE STUDY OF KISII BOTTLERS LIMITED |
||
| 260 |
_aKISII UNIVERSITY, _bKISII UNIVERSITY PRESS, _c2012, |
||
| 300 | _aXI, 26 P, ILL; | ||
| 500 | _aINCLUDES BIBLIOGRAPICAL REFERENCES | ||
| 650 | _aMarketing & distribution | ||
| 942 |
_2lcc _cREF |
||
| 999 |
_c215867 _d215867 |
||